| 000 | 00987nam0a22003011 4500 | ||
|---|---|---|---|
| 001 | RU\INFOCOMM_318\NLR\5000070025 | ||
| 005 | 20250613102411.0 | ||
| 035 | _a(NLR Aleph) 009442656 | ||
| 090 |
_a8354627 _c8354627 |
||
| 100 | _a20121126d1968 |||y0rusy50 ca | ||
| 101 | 0 | _aeng | |
| 102 | _aRU | ||
| 105 | _ay z ||||| | ||
| 200 | 1 |
_aAlgebra of currents on the light cone _fJ. Jersák, J. Stern |
|
| 210 |
_aДубна _d1968 |
||
| 215 |
_a19 с. _d22 см |
||
| 225 | 1 |
_a[Издания] _fОбъедин. ин-т ядерных исследований _vE2-3990 _iЛаборатория теоретической физики |
|
| 309 | _aОтпеч. множит. аппаратом | ||
| 320 | _aБиблиогр.: с. 19 | ||
| 686 |
_aФз-110 _2rubbk |
||
| 686 |
_a[В319,0] _2rubbk |
||
| 700 | 1 |
_aJersák _bJ. _gJiři |
|
| 701 | 1 |
_aStern _bJ. _gJan |
|
| 801 | 1 |
_aRU _bNLR _c20121126 |
|
| 801 | 0 |
_aRU _bINFOCOMM _gPSBO |
|
| 852 |
_aNLR _jP11/3130 |
||
| 942 | _cBOOK | ||
| 980 | _aNB | ||